NBA Players Teams Played For - Statistics

General Stats
  • This quiz has been taken 38 times
  • The average score is 11 of 15
Answer Stats
Team(s) Player % Correct
Heat, Cavaliers, Lakers Lebron James
100%
Wizards, Bulls(Historic) Micheal Jordan
97%
Pacers, Thunder, Clippers Paul George
97%
76ers Joel Embiid
92%
Thunder, Rockets, Nets, 76ers, Clippers James Harden
86%
Grizzlies Ja Morant
86%
Cavaliers, Celtics, Nets, Mavericks Kyrie Irving
86%
Celtics(Historic) Bill Russell
83%
Raptors, Nets, Magic, Suns, Mavericks, Grizzlies, Kings, Hawks(Historic) Vince Carter
81%
76ers, Nuggets, Pistons, Grizzlies(Historic) Allen Iverson
69%
Heat, Bulls, Cavaliers(Historic) Dwayne Wade
69%
Royals, Bucks(Historic) Oscar Robertson
67%
Bucks, Celtics, Heat(Historic) Ray Allen
58%
Magic, Suns, Knicks, Heat(Historic) Penny Hardaway
22%
Bullets, Warriors, Raptors, Hornets(Historic) Muggsy Bogues
0%
No matching quizzes found
Score Distribution
Percent of People with Each Score
Percentile by Number Answered
Your Score History
You have not taken this quiz